| 000 | 00782nam a2200181 a 4500 | ||
|---|---|---|---|
| 003 | 0 | ||
| 005 | 20250214143346.0 | ||
| 008 | 110617s19uu xx 00 eng d | ||
| 050 |
_aPHS JK 511 _b.V58 2011 |
||
| 100 | _aVerga, Danielle Christiana J. | ||
| 245 |
_aThe extent of participation in socio-civic activities of selected first ladies of the United States during their reign / _cDanielle Christiana J. Verga. |
||
| 260 |
_aLas Piñas City, Philippines : _bSouthville International School and Colleges, _c2011. |
||
| 300 |
_a37 pages : _billustrations ; _c28 cm. |
||
| 504 | _aIncludes bibliographical references. | ||
| 650 |
_aFirst ladies _zUnited States _xPolitical activity. |
||
| 650 |
_aPresidents’ spouses _zUnited States _xSocial and civic influence. |
||
| 942 |
_2lcc _cPASS |
||
| 999 |
_c98544 _d98544 |
||